PR-SOF-1597- SOLAR POWERED UAV (Record no. 577770)
[ view plain ]
| 000 -LEADER | |
|---|---|
| fixed length control field | 00407nam a22001217a 4500 |
| 082 ## - DEWEY DECIMAL CLASSIFICATION NUMBER | |
| Classification number | 220 PRO |
| 100 ## - MAIN ENTRY--PERSONAL NAME | |
| Personal name | NS AQIB ABBAS NS MUHAMMAD HASSAN NS ZESHAN HAIDER PC ZAIN NADEEM |
| 9 (RLIN) | 71033 |
| 245 ## - TITLE STATEMENT | |
| Title | PR-SOF-1597- SOLAR POWERED UAV |
| 260 ## - PUBLICATION, DISTRIBUTION, ETC. | |
| Place of publication, distribution, etc. | ISLAMABAD |
| Name of publisher, distributor, etc. | NUST COLLEGE OF EME |
| Date of publication, distribution, etc. | 2016 |
| 650 ## - SUBJECT ADDED ENTRY--TOPICAL TERM | |
| Topical term or geographic name entry element | DE-ELECT-34 |
| 9 (RLIN) | 71034 |
| 700 ## - ADDED ENTRY--PERSONAL NAME | |
| Personal name | SUPERVISORS Lec. Sufiyan Hafeez Khan Dr. Fahad Mumtaz Malik |
| 9 (RLIN) | 71035 |
| 942 ## - ADDED ENTRY ELEMENTS (KOHA) | |
| Koha item type | Continuing Resources |
| Withdrawn status | Lost status | Damaged status | Not for loan | Permanent Location | Current Location | Shelving location | Date acquired | Total Checkouts | Full call number | Barcode | Date last seen | Price effective from | Koha item type |
|---|---|---|---|---|---|---|---|---|---|---|---|---|---|
| College of Electrical & Mechanical Engineering (CEME) | College of Electrical & Mechanical Engineering (CEME) | Reference | 12/03/2019 | 220 PRO | PR-SOF-1597 | 06/28/2021 | 06/28/2021 | Continuing Resources |
